| 000 | 00953nam a22002657a 4500 | ||
|---|---|---|---|
| 001 | BD-DhSAU 8566 | ||
| 003 | BD-DhSAU | ||
| 005 | 20150702143049.0 | ||
| 008 | 150612b1987 bg a|||| m||| 00| 0 eng d | ||
| 040 | _aBD-DhSAU | ||
| 082 |
_222 _a... _b... |
||
| 100 | _aBaset, Abdul | ||
| 245 |
_aStability analysis of some rice genotypes for yield / _bMS thesis _cAbdul Baset |
||
| 260 |
_aAgricultural University, Mymensingh : _bDepartment of Genetics & Plant Breeding, _c1987. |
||
| 300 |
_a43 p. : _bill. ; _c29 cm. |
||
| 500 | _aMS thesis of Department of Genetics & Plant Breeding, Faculty of Agriculture, Agricultural University, Mymensingh, Bangladesh | ||
| 504 | _aIncludes bibliographical reference. | ||
| 590 | _aJerin | ||
| 650 | _aGenetics & Plant Breeding | ||
| 650 | _a rice genotypes | ||
| 650 | _a rice | ||
| 700 |
_aNasiruddin, Md. _eSuperviser |
||
| 856 | _ySoft copy available [Contact with librarian] | ||
| 942 |
_2ddc _cTHESIS |
||
| 999 |
_c8566 _d8566 |
||